Statistics for Caribbean Capitals Quiz

Click here to take the quiz!

General Stats

  • This quiz has been taken 40 times
    (28 since last reset)
  • The average score is 18 of 23

Answer Stats

CountryCapital% Correct
CubaHavana
100%
The BahamasNassau
93%
Puerto RicoSan Juan
86%
Dominican RepublicSanto Domingo
86%
Saint Kitts & NevisBasseterre
79%
GuadeloupeBasse-Terre
79%
BarbadosBridgetown
79%
Cayman IslandsGeorge Town
79%
JamaicaKingston
79%
Saint Vincent & the GrenadinesKingstown
79%
HaitiPort-au-Prince
79%
Trinidad & TobagoPort of Spain
79%
GrenadaSt. George's
79%
Saint LuciaCastries
71%
MartiniqueFort-de-France
71%
ArubaOranjestad
71%
British Virgin IslandsRoad Town
71%
DominicaRoseau
71%
Antigua and BarbudaSaint John's
71%
AnguillaThe Valley
71%
US Virgin IslandsCharlotte Amalie
64%
MontserratPlymouth
64%
Turks & Caicos IslandsCockburn Town
57%

Score Distribution

Percentile by Number Answered

Percent of People with Each Score

Your Score History

You have not taken this quiz since the last reset